Nanotechnology handbook / (Record no. 59918)
[ view plain ]
| 000 -LEADER | |
|---|---|
| fixed length control field | 00758nam a22002177a 4500 |
| 005 - DATE AND TIME OF LATEST TRANSACTION | |
| control field | 20111223102115.0 |
| 008 - FIXED-LENGTH DATA ELEMENTS--GENERAL INFORMATION | |
| fixed length control field | 111223t xxu||||| |||| 00| 0 eng d |
| 010 ## - LCCN (DPL NO) | |
| LC control number | ENG-104448 |
| 020 ## - INTERNATIONAL STANDARD BOOK NUMBER | |
| International Standard Book Number | 9788178331249 |
| Terms of availability | 1675.00 |
| 035 ## - SYSTEM CONTROL NUMBER | |
| System control number | EN-87981 |
| 037 ## - SOURCE OF ACQUISITION | |
| Source of stock number/acquisition | DBAD/PUB |
| 040 ## - CATALOGING SOURCE | |
| Original cataloging agency | DPL |
| Language of cataloging | Eng |
| 082 ## - DEWEY DECIMAL CLASSIFICATION NUMBER | |
| Classification number | 620.5 |
| 100 ## - MAIN ENTRY--PERSONAL NAME | |
| 9 (RLIN) | 37371 |
| Personal name | Panda,H. |
| 245 00 - TITLE STATEMENT | |
| Title | Nanotechnology handbook / |
| Remainder of title | |
| Statement of responsibility, etc | by H. Panda |
| 260 ## - PUBLICATION, DISTRIBUTION, ETC. (IMPRINT) | |
| Place of publication, distribution, etc | Delhi |
| Name of publisher, distributor, etc | Asia Pacific Business Press |
| Date of publication, distribution, etc | (201?) |
| 270 ## - ADDRESS | |
| Address | 106-E, Kamla Nagar, |
| City | Delhi |
| Postal code | 110007 |
| 300 ## - PHYSICAL DESCRIPTION | |
| Extent | 672p. |
| Dimensions | 22cm (pbk) |
| 942 ## - ADDED ENTRY ELEMENTS (KOHA) | |
| Source of classification or shelving scheme | Dewey Decimal Classification |
| Item type | English Books |
| Call number suffix | PAN |
| Classification part | 620.5 |
| Withdrawn status | Lost status | Source of classification or shelving scheme | Damaged status | Not for loan | Collection code | Home library | Current library | Date acquired | Source of acquisition | Cost, normal purchase price | Total Checkouts | Full call number | Barcode | Date last seen | Copy number | Cost, replacement price | Koha item type |
|---|---|---|---|---|---|---|---|---|---|---|---|---|---|---|---|---|---|
| Dewey Decimal Classification | Not For Loan | Non-fiction | D.B.Act.Division | D.B.Act.Division | 23/12/2011 | DBAD / PUB | 1675.00 | 620.5 PAN | EN-87981 | 23/12/2011 | 1 | 1675.00 | English Books |
